La Nouvelle revue. (Record no. 1552)
[ view plain ]
| 000 -LEADER | |
|---|---|
| campo de control de longitud fija | 00821nas a2200241 i 4500 |
| 001 - NÚMERO DE CONTROL | |
| campo de control | 1552 |
| 003 - IDENTIFICADOR DE NÚMERO DE CONTROL | |
| campo de control | ES-MaACL |
| 005 - FECHA Y HORA DE LA ÚLTIMA TRANSACCIÓN | |
| campo de control | 20250802062530.0 |
| 007 - CAMPO FIJO DE DESCRIPCIÓN FÍSICA--INFORMACIÓN GENERAL | |
| campo de control de longitud fija | t| |
| 008 - DATOS DE LONGITUD FIJA--INFORMACIÓN GENERAL | |
| campo de control de longitud fija | 950801d18791940fr | | 1 ||re d |
| 022 ## - NÚMERO INTERNACIONAL NORMALIZADO PARA PUBLICACIONES SERIADAS | |
| Número Internacional Normalizado para Publicaciones Seriadas | 0184-7465 |
| 245 03 - MENCIÓN DEL TÍTULO | |
| Título | La Nouvelle revue. |
| 260 ## - PUBLICACIÓN, DISTRIBUCIÓN, ETC. | |
| Lugar de publicación, distribución, etc. | Paris : |
| Nombre del editor, distribuidor, etc. | La Nouvelle revue, |
| Fecha de publicación, distribución, etc. | 1879-1940. |
| 300 ## - DESCRIPCIÓN FÍSICA | |
| Extensión | 228 v. ; |
| Dimensiones | 25 cm. |
| 310 ## - PERIODICIDAD ACTUAL | |
| Periodicidad actual | Quincenal |
| 362 0# - FECHAS DE PUBLICACIÓN Y/O DESIGNACIÓN SECUENCIAL | |
| Fecha de publicación y/o designación secuencial | T.1 (1879, oct.) - t.120 (1899) ; n.s., t.1 (1899, oct.) - t.49 (1907) ; 3e s., t.1 (1908) - t.26 (1912, avr.) ; 4e s., t.1 (1912, mai) - t.167 (1940, mai) |
| 500 ## - NOTA GENERAL | |
| Nota general | Los índices van colocados junto con la revista. |
| 650 #7 - PUNTO DE ACCESO ADICIONAL DE MATERIA--TÉRMINO DE MATERIA | |
| Término de materia o nombre geográfico como elemento de entrada | Literatura |
| Fuente del encabezamiento o término | embne |
| 9 (RLIN) | 141583 |
| 700 1# - ENTRADA AGREGADA--NOMBRE PERSONAL | |
| Nombre de persona | Austruy, Henri, |
| Término indicativo de función/relación | |
| 9 (RLIN) | 194232 |
| 852 ## - LOCALIZACIÓN | |
| Ubicación | ES-MaACL |
| Número de control de estantería | Hem-813 |
| 866 #0 - MENCIÓN TEXTUAL DE FONDOS--UNIDAD BIBLIOGRÁFICA BÁSICA | |
| Fondos | 1879-94,1897-1913(1914f.n.56)(1915f.n.74)1916-19. |
| Estatus retirado | Estado de pérdida | Estado de daño | No para préstamo | Colección | Biblioteca de origen | Biblioteca actual | Ubicación en estantería | Fecha de adquisición | Fuente de adquisición | Total de préstamos | Signatura topográfica completa | Código de barras | Visto por última vez | Precio de reemplazo | Tipo de ítem Koha |
|---|---|---|---|---|---|---|---|---|---|---|---|---|---|---|---|
| Periódicos y Revistas | Biblioteca del Ateneo de Madrid | Biblioteca del Ateneo de Madrid | Depósito 1 | 17/01/2008 | Hem-813 | 1001585 | 23/02/2023 | 23/02/2023 | Revista |
